Министър-председатели на България - Statistics

General Stats
  • This quiz has been taken 17 times
  • The average score is 46 of 77
Answer Stats
Период Партия Име % Correct
1881 - 1882 вакантен
100%
1934 - 1935 безпартиен Кимон Георгиев
86%
1944 - 1946 Отечествен фронт Кимон Георгиев
86%
1962 - 1971 БКП, БЗНС Тодор Живков
86%
2009 - 2013 ГЕРБ Бойко Борисов
86%
2014 - 2017 ГЕРБ Бойко Борисов
86%
2017 - 2021 ГЕРБ Бойко Борисов
86%
2026 - безпартиен Андрей Гюров
86%
1887 - 1894 Народнолиберална Стефан Стамболов
79%
1919 - 1923 БЗНС Александър Стамболийски
79%
1946 - 1949 Отечествен фронт Георги Димитров
79%
2021 - 2022 Продължаваме промяната Кирил Петков
79%
1880 - 1881 Либерална Петко Каравелов
71%
1884 - 1886 Либерална Петко Каравелов
71%
1886 Либерална Петко Каравелов
71%
1901 Демократическа Петко Каравелов
71%
1940 - 1943 безпартиен Богдан Филов
71%
1950 - 1956 Отечествен фронт Вълко Червенков
71%
1995 - 1997 Демократична левица Жан Виденов
71%
2025 - 2026 ГЕРБ-СДС Росен Желязков
71%
1879 Консервативна Тодор Бурмов
64%
1880 Либерална Драган Цанков
64%
1883 - 1884 Либерална Драган Цанков
64%
1886 - 1887 Народнолиберална Васил Радославов
64%
1887 Консервативна Константин Стоилов
64%
1894 - 1899 Народна Константин Стоилов
64%
1901 безпартиен Рачо Петров
64%
1903 - 1906 безпартиен Рачо Петров
64%
1906 - 1907 Народнолиберална Димитър Петков
64%
1908 - 1911 Демократическа Александър Малинов
64%
1913 - 1918 Либерална Васил Радославов
64%
1918 Демократическа Александър Малинов
64%
1923 - 1926 Демократически сговор Александър Цанков
64%
1926 - 1931 Демократически сговор Андрей Ляпчев
64%
1931 Народен блок Александър Малинов
64%
1949 - 1950 Отечествен фронт Васил Коларов
64%
1997 - 2001 ОДС Иван Костов
64%
2001 - 2005 НДСВ Симеон Сакскобургготски
64%
2005 - 2009 Коалиция за България Сергей Станишев
64%
2022 - 2023 безпартиен Гълъб Донев
64%
1879 - 1880 Консервативна Васил Друмев
57%
1886 Цанковистка Васил Друмев
57%
1918 - 1919 Народна Теодор Теодоров
57%
1931 - 1934 Народен блок Никола Мушанов
57%
1971 - 1981 БКП, БЗНС Станко Тодоров
57%
1981 - 1986 БКП, БЗНС Гриша Филипов
57%
1991 - 1992 СДС Филип Димитров
57%
1992 - 1994 безпартиен Любен Беров
57%
1994 - 1995 безпартиен Ренета Инджова
57%
2013 безпартиен Марин Райков
57%
2013 - 2014 безпартиен Пламен Орешарски
57%
1911 - 1913 Народна Иван Гешов
50%
1935 безпартиен Пенчо Златев
50%
1935 - 1940 безпартиен Георги Кьосеиванов
50%
1944 БЗНС Врабча 1 Константин Муравиев
50%
1956 - 1962 БКП, БЗНС, Отечествен фронт Антон Югов
50%
1990 БСП Андрей Луканов
50%
2014 безпартиен Георги Близнашки
50%
2017 безпартиен Огнян Герджиков
50%
2023 - 2024 ППДБ Николай Денков
50%
1881 безпартиен Казимир Ернрот
43%
1882 - 1883 безпартиен Леонид Соболев
43%
1899 Народнолиберална Димитър Греков
43%
1901 - 1903 Прогресивнолиберална Стоян Данев
43%
1913 Прогресивнолиберална Стоян Данев
43%
1943 - 1944 безпартиен Добри Божилов
43%
1944 безпартиен Иван Багрянов
43%
1899 - 1901 безпартиен Тодор Иванчов
36%
1907 безпартиен Димитър Станчов
36%
1943 безпартиен Петър Габровски
36%
1986 - 1990 БКП, БЗНС Георги Атанасов
36%
1990 - 1991 безпартиен Димитър Попов
36%
2021 безпартиен Стефан Янев
36%
2024 - 2025 безпартиен Димитър Главчев
36%
1907 - 1908 Народнолиберална Петър Гудев
29%
1935 безпартиен Андрей Тошев
29%
1997 ОДС Стефан Софиянски
29%
No matching quizzes found
Score Distribution
Percent of People with Each Score
Percentile by Number Answered
Your Score History
You have not taken this quiz